00625cam a2200217 a 4500001000800000005001700008008004100025020001700066040001800083082002300101100001700124245008700141260006000228300001400288500002000302650001800322650001900340650001800359650002000377650001000397384130720231127052736.0870827s1988 enkaf b 001 0 eng  a0631155023 : aDLCcDLCdDLC00a700/.941219bLYN.1 aNead, Lynda.10aMyths of sexuality :brepresentations of women in Victorian Britain /cLynda Nead. aOxford, UK ;aNew York, NY, USA :bB. Blackwell,c1988. ax, 228 p. aIncludes index. 0aWomen in art. 0aSexism in art. 0aArts, British 0aArts, Victorian 0aWomen